Statistics for Song Lyrics Rammstein - Deutschland

Click here to take the quiz!

General Stats

  • This quiz has been taken 61 times
  • The average score is 201 of 283

Answer Stats

Answer% Correct
Deutschland
98%
(Deutschland)
98%
(Deutschland,
98%
Deutschland,
98%
mein
92%
Mein
92%
Du
90%
du
90%
(Du
90%
(du
90%
in
90%
Flammen
88%
Hast
88%
hast)
88%
hast,
88%
Herz
88%
Liebe
88%
Und
88%
und
88%
Ich
86%
ich
86%
(ich
86%
(Ich
86%
verdammen
84%
Wir
80%
(wir
80%
wir
80%
ihr
78%
Ihr
78%
(ihr
78%
so
78%
(so
78%
So
78%
über
78%
alt
76%
jung
76%
kalt
76%
kalt,
76%
kalt)
76%
dich
75%
will
75%
Will
75%
Dein
73%
lieben
73%
Atem
71%
doch
71%
allen
69%
allen)
69%
Im
67%
Meine
67%
sind,
67%
sind)
67%
Sind
67%
kann
63%
viel
63%
nicht
61%
Deine
59%
ist
59%
dir
55%
getrennt)
55%
getrennt
55%
(getrennt,
55%
getrennt,
55%
Geist
53%
geben
51%
geweint)
51%
geweint,
51%
(geweint,
51%
geweint
51%
hassen
51%
heiß)
51%
heiß,
51%
weiß,
49%
weiß)
49%
zusammen
49%
Das
47%
lang
47%
nie
47%
schon
47%
(vereint,
47%
vereint
47%
vereint)
47%
vereint,
47%
Fluch
45%
Man
45%
Segen
45%
überfallen
45%
der
41%
kannst)
41%
kannst,
41%
sehr
41%
Überraschen,
41%
verlassen
41%
bleibt,
37%
bleibt)
37%
seid)
37%
seid,
37%
fallen)
33%
übergeben
33%
Übernehmen,
33%
(Wer
33%
überlegen
31%
liebst)
29%
liebst,
29%
überdrüssig)
29%
(Übermenschen,
29%
wird
29%
tief
27%
Überheblich,
27%
hoch
25%
steigt,
25%
überflüssig)
22%
(Übermächtig,
22%

Score Distribution

Percentile by Number Answered

Percent of People with Each Score

Your Score History

You have not taken this quiz